000
00299nam a22001457a 4500
008
221114b ||||| |||| 00| 0 eng d
020
_a
094143401
041
_a
eng
080
_a
521
082
_a
521 FER
100
_a
19.1
101
_a
ASTR
245
_a
GALAXIES
_c
FERRIS T
942
_2
udc
_c
BK
999
_c
58886
_d
58886